00490nam a2200193Ia 4500008004100000020001800041050001400059100002500073245002700098245004400125245002500169260001500194260001600209260000900225300001600234300002700250300001000277500000900287170918s9999 xx 000 0 und d a9780439566575 bP545 2002 aPhilbrick, Nathaniel aRevenge of the whale : bthe true story of the whaleship Essex / cNathaniel Philbrick. aNew York : bScholastic, c2002 a164 pages : bcolored illustration ; c23cm. a1170